Teoría de política económica (Registro nro. 5319)

Detalles MARC
000 -LEADER
fixed length control field 00983 a2200193 4500
001 - CONTROL NUMBER
control field 54002
005 - DATE AND TIME OF LATEST TRANSACTION
control field 20260407155810.0
008 - FIXED-LENGTH DATA ELEMENTS--GENERAL INFORMATION
fixed length control field 260407a1966 arg spa d
003 - CONTROL NUMBER IDENTIFIER
control field AR-UNSa-BCEJYS
040 ## - CATALOGING SOURCE
Original cataloging agency AR-UNSa-BCEJYS
Language of cataloging spa
Transcribing agency AR-UNSa-BCEJYS
080 ## - UNIVERSAL DECIMAL CLASSIFICATION NUMBER
Universal Decimal Classification number 338.2
Common auxiliary subdivision Política económica. Control de la economía. Gestión de la economía. Planificación económica
100 1# - MAIN ENTRY--PERSONAL NAME
Personal name Robbins, Lionel
245 10 - TITLE STATEMENT
Title Teoría de política económica
264 #1 - PRODUCTION, PUBLICATION, DISTRIBUTION, MANUFACTURE, AND COPYRIGHT NOTICE
Place of production, publication, distribution, manufacture Madrid :
Name of producer, publisher, distributor, manufacturer Ediciones Rialp
Date of production, publication, distribution, manufacture, or copyright notice 1966
300 ## - PHYSICAL DESCRIPTION
Extent 195 p.
Dimensions 24 cm.
505 ## - FORMATTED CONTENTS NOTE
Formatted contents note Primera Conferencia: El sistema de libertad económica - Segunda Conferencia: La funciones económicas del estado - Tercera Conferencia: La condición de la gente - Cuarta Conferencia: Los economistas clásicos y el socialismo: De Hume a Senior - Quinta Conferencia: Los economistas clásicos y el socialismo: John Stuart Mill - Sexta Conferencia: Visión general de la teoría clásica
590 ## - LOCAL NOTE (RLIN)
Local note niveau_biblio:m niveau_hierar:0
942 ## - ADDED ENTRY ELEMENTS (KOHA)
Koha item type
Existencias
Withdrawn status Lost status Damaged status Not for loan Home library Current library Shelving location Date acquired Total checkouts Full call number Barcode Date last seen Price effective from Koha item type
        Biblioteca Prof. Eusebio Cleto del Rey Biblioteca Prof. Eusebio Cleto del Rey   07/04/2026   338.2 R631 L23936 07/04/2026 07/04/2026 Libro